Daily UK Spotify Charts (03/29/2023) - Statistics

General Stats
  • This quiz has been taken 4 times
  • The average score is 26 of 200
Answer Stats
Artist(s) Title % Correct
Harry Styles As It Was
75%
PinkPantheress / Ice Spice Boy's a liar Pt. 2
75%
Miley Cyrus Flowers
75%
Steve Lacy Bad Habit
50%
Ed Sheeran Bad Habits
50%
Rema / Selena Gomez Calm Down
50%
OneRepublic Counting Stars
50%
Digga D Energy
50%
RAYE / 070 Shake Escapism.
50%
George Ezra Green Green Grass
50%
David Guetta / Bebe Rexha I'm Good
50%
SZA Kill Bill
50%
Meghan Trainor Made You Look
50%
venbee / goddard. messy in heaven
50%
The Killers Mr. Brightside
50%
Vance Joy Riptide
50%
Strandz | Strandz / Digga D Us Against the World
50%
Tiësto / Tate McRae 10:35
25%
LF SYSTEM Afraid To Feel
25%
Tom Odell Another Love
25%
Taylor Swift Anti-Hero
25%
Eliza Rose / Interplanetary Criminal B.O.T.A.
25%
Declan McKenna Brazil
25%
Lizzy McAlpine ceilings
25%
Elton John / Dua Lipa / PNAU Cold Heart
25%
Metro Boomin / The Weeknd / 21 Savage Creepin'
25%
Beyoncé CUFF IT
25%
The Weeknd | The Weeknd / Ariana Grande Die For You
25%
Central Cee Doja
25%
Oasis Don't Look Back In Anger
25%
Adele Easy On Me
25%
Ed Sheeran Eyes Closed
25%
Kanye West / Dwele Flashing Lights
25%
JVKE golden hour
25%
Glass Animals Heat Waves
25%
Niall Horan Heaven
25%
Bakar Hell N Back
25%
d4vd Here With Me
25%
OneRepublic I Ain't Worried
25%
Mae Stephens If We Ever Broke Up
25%
Ice Spice In Ha Mood
25%
The Goo Goo Dolls Iris
25%
Taylor Swift Karma
25%
Burna Boy Last Last
25%
Taylor Swift Lavender Haze
25%
Central Cee LET GO
25%
The Kid LAROI Love Again
25%
TV Girl Lovers Rock
25%
Calvin Harris / Ellie Goulding Miracle
25%
Oliver Tree / Robin Schulz Miss You
25%
Eminem Mockingbird
25%
Drake / Wizkid / Kyla One Dance
25%
Superstar Pride Painting Pictures
25%
Libianca People
25%
Coi Leray Players
25%
Bastille Pompeii
25%
Anne-Marie / Aitch PSYCHO
25%
Mimi Webb Red Flags
25%
Drake / 21 Savage Rich Flex
25%
d4vd Romantic Homicide
25%
Kate Bush Running Up That Hill
25%
Ayra Starr Rush
25%
Beach Weather Sex, Drugs, Etc.
25%
Ed Sheeran Shivers
25%
SZA Snooze
25%
Eminem / Dido Stan
25%
The Weeknd / Daft Punk Starboy
25%
The Weeknd / Lana Del Rey Stargirl Interlude
25%
Dave Starlight
25%
The Kid LAROI / Justin Bieber STAY
25%
Rihanna / Mikky Ekko Stay
25%
Miguel Sure Thing
25%
The Neighbourhood Sweater Weather
25%
Hozier Take Me to Church
25%
Chris Brown Under The Influence
25%
Sam Smith / Kim Petras Unholy
25%
Stephen Sanchez / Em Beihold Until I Found You
25%
Coldplay Viva La Vida
25%
Lil Uzi Vert / sped up nightcore / ARIZONATEARS Watch This
25%
Oasis Wonderwall
25%
Coldplay Yellow
25%
Lizzo 2 Be Loved
0%
Arctic Monkeys 505
0%
Lana Del Rey A&W
0%
Lizzo About Damn Time
0%
Marvin Gaye / Tammi Terrell Ain't No Mountain High Enough
0%
Taylor Swift All Of The Girls You Loved Before
0%
Cigarettes After Sex Apocalypse
0%
Lewis Capaldi Before You Go
0%
Taylor Swift Blank Space
0%
The Weeknd Blinding Lights
0%
Kanye West Bound 2
0%
Macklemore / Ryan Lewis / Ray Dalton Can't Hold Us
0%
Zara Larsson Can't Tame Her
0%
Taylor Swift cardigan
0%
White Noise Baby Sleep / White Noise for Babies Clean White Noise
0%
Taylor Swift Cruel Summer
0%
Toploader Dancing in the Moonlight
0%
Steve Lacy Dark Red
0%
Imagine Dragons Demons
0%
Florence + The Machine Dog Days Are Over
0%
Tyler, The Creator DOGTOOTH
0%
Arctic Monkeys Do I Wanna Know?
0%
Taylor Swift Don't Blame Me
0%
Journey Don't Stop Believin'
0%
Queen Don't Stop Me Now
0%
Fleetwood Mac Dreams
0%
Hozier Eat Your Young
0%
RAYE / 070 Shake Escapism. - Sped Up
0%
Foo Fighters Everlong
0%
Tears For Fears Everybody Wants To Rule The World
0%
Fleetwood Mac Everywhere
0%
RAYE Flip A Switch.
0%
Arctic Monkeys Fluorescent Adolescent
0%
FLO / Missy Elliott Fly Girl
0%
Lewis Capaldi Forget Me
0%
Justin Bieber Ghost
0%
Matt Sassari Give It To Me
0%
Olivia Rodrigo good 4 u
0%
Fleetwood Mac Go Your Own Way
0%
The Game / 50 Cent Hate It Or Love It
0%
Kanye West | The Weeknd Heartless
0%
Stormzy Hide & Seek
0%
The Lumineers Ho Hey
0%
ArrDee / Cat Burns Home For My Heart
0%
Dean Lewis How Do I Say Goodbye
0%
Lewis Capaldi How I'm Feeling Now
0%
Cian Ducrot I'll Be Waiting
0%
Elton John I'm Still Standing
0%
50 Cent In Da Club
0%
Linkin Park In the End
0%
Arctic Monkeys I Wanna Be Yours
0%
Miley Cyrus Jaded
0%
Drake / 21 Savage Jimmy Cooks
0%
Lil Uzi Vert Just Wanna Rock
0%
Paris Paloma labour
0%
Morgan Wallen Last Night
0%
Harry Styles Late Night Talking
0%
Dave / Burna Boy Location
0%
Eminem Lose Yourself
0%
Frank Ocean Lost
0%
Adele Love In The Dark
0%
Billie Eilish / Khalid lovely
0%
Arctic Monkeys Mardy Bum
0%
Kendrick Lamar / Jay Rock Money Trees
0%
Meghan Trainor Mother
0%
The Kooks Naive
0%
JAY-Z / Kanye West Ni**as In Paris
0%
J. Cole No Role Modelz
0%
Nathan Dawe / Bru-C / bshp / Issey Cross Oh Baby
0%
Bugzy Malone / TeeDee Out Of Nowhere
0%
Miley Cyrus Party In The U.S.A.
0%
Frank Ocean Pink + White
0%
Lewis Capaldi Pointless
0%
Caity Baser Pretty Boys
0%
Switch Disco / Ella Henderson / Robert Miles REACT
0%
Nicki Minaj Red Ruby Da Sleeze
0%
Becky Hill / David Guetta Remember
0%
XXXTENTACION Revenge
0%
Miley Cyrus River
0%
Adele Rolling in the Deep
0%
Arctic Monkeys R U Mine?
0%
James Arthur Say You Won't Let Go
0%
Adele Set Fire to the Rain
0%
The White Stripes Seven Nation Army
0%
Sam Fender Seventeen Going Under
0%
Kings of Leon Sex on Fire
0%
Taylor Swift Shake It Off
0%
The Kooks She Moves In Her Own Way
0%
SZA Shirt
0%
Nirvana Smells Like Teen Spirit
0%
Adele Someone Like You
0%
Lewis Capaldi Someone You Loved
0%
ThxSoMch SPIT IN MY FACE!
0%
D.O.D / Carla Monroe Still Sleepless
0%
Taylor Swift Style
0%
Lana Del Rey Summertime Sadness
0%
Metro Boomin / Future / Chris Brown Superhero
0%
Eminem / Dina Rae Superman
0%
Miguel Sure Thing - Sped Up
0%
Fleetwood Mac The Chain
0%
Tory Lanez The Color Violet
0%
Lord Huron The Night We Met
0%
Eminem The Real Slim Shady
0%
Metro Boomin / Travis Scott / Young Thug Trance
0%
P!nk TRUSTFALL
0%
Future / Drake / Tems WAIT FOR U
0%
Avicii Wake Me Up
0%
Harry Styles Watermelon Sugar
0%
Rihanna / Calvin Harris We Found Love
0%
J. Cole Wet Dreamz
0%
Bruno Mars When I Was Your Man
0%
Arctic Monkeys When The Sun Goes Down
0%
Jax Jones / Calum Scott Whistle
0%
Arctic Monkeys Why'd You Only Call Me When You're High?
0%
Eminem Without Me
0%
Florence + The Machine You've Got The Love
0%
No matching quizzes found
Score Distribution
Percent of People with Each Score
Percentile by Number Answered
Your Score History
You have not taken this quiz